| 000 | 00511nam a2200169Ia 4500 | ||
|---|---|---|---|
| 008 | 260520s2021 xx 000 0 und d | ||
| 020 | _a978-93-90862-82-5 | ||
| 041 | _amar | ||
| 082 | _a327.1/SON | ||
| 100 | _aसोनवणे, मनिष | ||
| 245 | _aआंतरराष्ट्रीय संबंध | ||
| 250 | _a1st ed | ||
| 260 |
_aजळगाव _bप्रशांत पब्लिकेशन _c2021 |
||
| 300 | _a200p. | ||
| 500 | _aCat No: 15163 | ||
| 650 | _aPOLITICAL SCIENCE | ||
| 999 |
_c1221889 _d1221889 |
||